Statistics for ASOIAF- All known Starks

Click here to take the quiz!

General Stats

  • This quiz has been taken 603 times
  • The average score is 30 of 50

Answer Stats

LivedName% Correct
Brandon Stark
100%
Brandon Stark (son of Artos)
100%
Brandon Stark (son of Cregan)
100%
290AC-presentBrandon Stark (son of Eddard)
100%
262AC-282ACBrandon Stark (son of Rickard)
100%
Brandon Stark (son of Willam)
100%
289AC-presentArya Stark
99%
Sansa Stark
99%
286AC-presentSansa Stark (daughter of Eddard)
99%
263AC-299ACEddard Stark
98%
Rickon Stark
98%
unknown(post-157AC)-unknown(pre-298AC)Rickon Stark (son of Cregan)
98%
295AC-presentRickon Stark (son of Eddard)
98%
283AC-299ACRobb Stark
98%
unknown(pre-157AC)Benjen Stark
95%
Benjen Stark (son of Bennard)
95%
267AC-present(missing)Benjen Stark (son of Rickard)
95%
283AC-presentJon Snow
95%
Lyanna Stark
93%
266AC-283ACLyanna Stark (daughter of Rickard)
93%
230AC-282ACRickard Stark
93%
157AC-unknownCregan Stark
85%
unknown(post-226AC)-unknown(pre-298AC)Artos Stark
67%
Bennard Stark
61%
226AC-unknownWillam Stark
60%
Torrhen Stark
55%
unknown(post 230AC)-unknown(pre-298AC)Lyarra Stark
49%
Alys Stark
39%
Rodrik Stark
36%
Alysanne Stark
32%
Edric Stark
32%
Jonnel Stark
31%
Serena Stark
31%
Barthogan Stark/Barth Blacksword
29%
Lonnel Snow
28%
Branda Stark
27%
Berena Stark
25%
Edwyle Stark
25%
Elric Stark
24%
Mariah Stark
23%
Jocelyn Stark
21%
Arsa Stark
20%
Cregard Stark
20%
Donnor Stark
20%
Sarra Stark
18%
Beron Stark
17%
Aranna Stark
14%
Raya Stark
14%
Rodwell Stark
14%
Errold Stark
12%

Score Distribution

Percentile by Number Answered

Percent of People with Each Score

Your Score History

You have not taken this quiz